| 000 | 00706nam a22001937a 4500 | ||
|---|---|---|---|
| 999 |
_c164229 _d164229 |
||
| 005 | 20190514131226.0 | ||
| 010 | _aUR-10114 | ||
| 020 |
_c400.00 _a9789387539297 |
||
| 035 | _aU-8669 | ||
| 037 | _bDBAD/PUB | ||
| 082 | _a443.1 | ||
| 100 | _aعبد النا صر | ||
| 245 |
_aا ر د و ميں مستعمل محا و ر ے (حلد د و م) _cعبد النا صر |
||
| 246 |
_bUrdu mein Mustamal Muhawre(Vol. 2)(Urdu) _aby Dr.Abdul Nasir |
||
| 260 |
_a Delhi _bEducational Publishing House _c2017 ء |
||
| 270 |
_a3191،Vakil Street,Kucha Pandit,Lal Kuan, _bDelhi _e110006 _k23216162 _l00911123211540 |
||
| 300 |
_a788ص _c22 Cm.(bk) |
||
| 942 |
_2ddc _cUR _h443.1 _mع ب د |
||